| 000 | 01018nam a2200253 i 4500 | ||
|---|---|---|---|
| 001 | 163507 | ||
| 003 | ES-MaACL | ||
| 005 | 20250822032538.0 | ||
| 008 | 030115q1879 sp f |||| | spa d | ||
| 100 | 1 |
_aRichet, Charles ( _d1850-1935) _996954 |
|
| 245 | 1 | 3 |
_aEl dolor _b; El sonambulismo provocado / _cCarlos Richet ; versión española por M. de Tolosa y Latour. |
| 260 |
_aMadrid : _bCasa Editorial de Medina, _c[1879?] |
||
| 300 |
_aXIV, [2], 150 p., [1] h. pleg. de gráf., [1] h. de grab. pleg. ; _c16 cm. |
||
| 490 | 1 | _aEstudios de psicología-fisiológica | |
| 596 | _aFecha tomada de prelim.: "París, 10 de enero de 1879" | ||
| 650 | 0 | 7 |
_aDolor _2embne _911964 |
| 650 | 4 |
_aSonambulismo. _9136889 |
|
| 650 | 0 | 7 |
_aPsicología fisiológica _2embne _916565 |
| 700 | 1 |
_aTolosa Latour, Manuel, _d1857-1919 _9110485 |
|
| 740 | 3 | 2 | _aEl sonambulismo provocado. |
| 830 | 1 |
_aEstudios de psicología-fisiológica _9222277 |
|
| 852 |
_aES-MaACL _jG-10980(2) _z- Enc. hol. |
||
| 999 |
_c163507 _d163507 |
||